000 01883nam0a2200361 4500
001 RU\NLR\BIBL_A\012174307
005 20241023162201.0
010 _a978-5-906118-44-8
_9300
021 _aRU
_bКН-П-19-092693
_9КН-П-19-6785
035 _a(NLR Aleph) 012174307
035 _a(RuMoRGB)010186423
090 _a12255793
_c12255793
100 _a20191227d2019 k y0rusy50 ca
101 0 _arus
_deng
_erus
_eeng
102 _aRU
105 _a |||z|||000zy
200 1 _aТранспортный комплекс Дальнего Востока: трансформация и интеграция
_dTransport complex of the Far East: transformation and integration
_e[монография]
_fА.Б. Бардаль
_gИнститут экономических исследований Дальневосточного отделения Российской академии наук
_zeng
210 _aХабаровск
_cИЭИ ДВО РАН
_d2019
215 _a334, [1] с., [7] л. цв. ил.
_cил., табл.
_d22
300 _aАвт. также на англ. яз.: A.B. Bardal
300 _aВ вып. дан. авт.: А.Б. Бардаль, канд. экон. наук
300 _aРез. англ.
320 _aБиблиогр.: с. 302-335 (445 назв.) и в подстроч. примеч.
510 1 _6z92790
_aTransport complex of the Far East: transformation and integration
_zeng
606 1 _aТранспортные комплексы
_yРоссийская Федерация
_yДальний Восток
_2nlr_sh2
_3RU\NLR\AUTH\6601599069
686 1 _aУ37(2)-434(2Р55)
700 1 _aБардаль
_bА. Б.
_gАнна Борисовна
790 1 _6z92510
_aBardal'
_bA. B.
_gAnna Borisovna
942 _cBOOK
980 _aNBR
980 _aNB